Thực tập môn học hệ thống thông tin địa lý GIS (Sử dụng trong nghiên cứu, quản lý tài nguyên, môi trường)

সংরক্ষণ করুন:
গ্রন্থ-পঞ্জীর বিবরন
প্রধান লেখক: Võ, Quang Minh
বিন্যাস: গ্রন্থ
ভাষা:Undetermined
প্রকাশিত: Cần Thơ Đại học Cần Thơ 2005
বিষয়গুলি:
ট্যাগগুলো: ট্যাগ যুক্ত করুন
কোনো ট্যাগ নেই, প্রথমজন হিসাবে ট্যাগ করুন!
Thư viện lưu trữ: Trung tâm Học liệu Trường Đại học Cần Thơ
LEADER 00826nam a2200217Ia 4500
001 CTU_118080
008 210402s9999 xx 000 0 und d
082 |a 005.74 
082 |b M312 
100 |a Võ, Quang Minh 
245 0 |a Thực tập môn học hệ thống thông tin địa lý GIS (Sử dụng trong nghiên cứu, quản lý tài nguyên, môi trường) 
245 0 |c Võ Quang Minh 
260 |a Cần Thơ 
260 |b Đại học Cần Thơ 
260 |c 2005 
526 |a Quản lý và giảm nhẹ thiên tai,GIS-Viễn tham ứng dụng 
526 |b MT228,MT657 
650 |a Geographic information systems,Information storage and retrieval systems 
650 |x Geography 
904 |i Tuyến 
980 |a Trung tâm Học liệu Trường Đại học Cần Thơ